000 00560nam a2200157 4500
999 _c17291
_d17291
008 220916b ||||| |||| 00| 0 eng d
020 _a9789351541622
082 _22020
_aDC 629.2872
_bK960
100 _aKumar, Chander.
_946011
245 _aAutomotive service :
_binspection, maintenance, repair /
_cChander Kumar.
260 _aIndia :
_bVenus Books,
_c©2020.
300 _ax, 410 pages :
_billustrations ;
_c23 cm.
500 _aIncludes bibliographical references and index.
650 _aAutomobiles
_xMaintenance and repair.
_946012
942 _2ddc
_cDC